000 00859nam a2200217 a 4500
001 000046138
005 20201002052649.0
008 150625s2001 dr 000 0 spa d
020 _a9993433225
040 _aDO-SdBNP
_bspa
_cBNPHU
082 _axxxx
_bxxxx
245 0 3 _aEl acuerdo sobre agricultura en la OMC y la situación económica y social del sector agrícola dominicano /
_cprólogo ; Miosotis Rivas Peña.
260 _aSanto Domingo :
_bMediabyte,
_c2001.
300 _a113 p. ;
_c21 cm.
490 1 _aCuadernos de investigaciones
_v1
500 _aIncluye referencias bibliográficas y notas al pie de las páginas.
504 _aBibliografía : p. 89-91
700 1 2 _aRivas Peña, Miosotis,
_epról.
_974190
710 2 2 _aCentro de Investigación Económica para el Caribe, (CIECA)
_949770
830 0 _aCuadernos de investigaciones.
_n1
_974191
999 _c45627
_d45627